000 00406pab a2200157 454500
008 180718b2014 xxu||||| |||| 00| 0 eng d
100 _aSarkar, Tuhina
245 _aNER-Myanmar border trade: Emerging issue and concerns
260 _c2014
300 _ap.37-42.
362 _aJul-Dec
650 _aTrade
773 _aSouth Asian Journal of Socio-Political Studies
908 _aN
909 _a106567
999 _c106562
_d106562